Представление документа в формате RUSMARC

ПолеНазваниеЗначение
  Тип записи a
  Библиографический уровень m
001 Контрольный номер 8883fe75ecf741fcb61fa359a75e57b4
005 Дата корректировки 20140605110938.7
010 Индекс ISBN __
a ISBN 5-98612-017-5
101 Язык документа 0_
a Язык текста rus
102 Страна публикации __
a Страна публикации RU
200 Заглавие и сведения об ответственности 1_
a Заглавие Дискотека в начале века
e Сведения, относящиеся к заглавию сб. сценариев театрализ. дискотек и метод. материалов об организации дискотеки
210 Выходные данные 1_
c Издательство ИМХО
a Место издания М.
d Дата издания 2005
215 Физическое описание __
a Объем 191, [1] с.
610 Ключевые слова 0_
a Ключевые слова сценарии
610 Ключевые слова 0_
a Ключевые слова дискотека
610 Ключевые слова 0_
a Ключевые слова молодежь
610 Ключевые слова 0_
a Ключевые слова студенты
610 Ключевые слова 0_
a Ключевые слова досуг
686 Индексы других классификаций __
a Классификационный индекс 85.34
2 Код системы rubbk
801 Источник записи _0
a Страна RU
b Организация РУК
c Дата составления 20051213
g Правила каталогизации PSBO
801 Источник записи _1
a Страна RU
b Организация РУК
c Дата составления 20051213
g Правила каталогизации PSBO
852 Данные о местонахождении __
i Авторский знак Д 48
j Шифр хранения ББК 85
901 Тип документа __
t Тип документа m
938 Служебная информация __
a Название организации Головной вуз
b Имя БД BOOK
c Название АИБС АИБС ИРБИС